| 000 | 00688nam a2200253Ia 4500 | ||
|---|---|---|---|
| 003 | OSt | ||
| 005 | 20220918182347.0 | ||
| 006 | a|||||r|||| 00| 0 | ||
| 007 | ta | ||
| 008 | 220917b |||||||| |||| 00| 0 eng d | ||
| 024 | _a32,097 | ||
| 037 | _cTextual | ||
| 040 |
_aARTS _cARTS _beng |
||
| 041 |
_2eng _aeng |
||
| 082 | _aO111,1L88:g, K6 | ||
| 100 |
_aLovell Ernest J _957896 |
||
| 245 | 0 |
_aByron _b the record of a quest |
|
| 260 |
_aHamden _bArchon Books _c1949 |
||
| 300 |
_a270p. _ccm. |
||
| 500 | _aAppendix 257-64p; Bib 265-70p | ||
| 650 | _aENGLISH LITERATURE | ||
| 942 |
_hO111,1L88:g, K6 _cTEXL _2CC |
||
| 999 |
_c168690 _d168690 |
||